[Event "ENCI Limburg-open A"]
[Site "Maastricht"]
[Date "2007.06.28"]
[Round "7"]
[White "Dobrev, Nanko"]
[Black "Wilschut, Peter"]
[Result "1-0"]
[WhiteElo "2467"]
[BlackElo "2202"]
[PlyCount "109"]
[EventDate "2007.05.25"]
[EventType "swiss"]
[EventRounds "7"]
[EventCountry "NED"]
[Source "P.Boonen"]
[SourceDate "2010.01.01"]

1. d4 d5 2. Nf3 c6 3. c4 Nf6 4. Nc3 a6 5. h3 b5 6. cxd5 cxd5 7. Bf4 e6 8. e3
Bd6 9. Ne5 Bb7 10. Rc1 O-O 11. Bd3 Nc6 12. O-O Rc8 13. Ne2 Ne7 14. Bb1 Ng6 15.
Bg3 Rxc1 16. Nxc1 Be7 17. Ned3 b4 18. Nc5 Qb6 19. N1d3 Bc6 20. Qb3 a5 21. Rc1
Ne4 22. Nxe4 dxe4 23. Nc5 Bd5 24. Qa4 Rc8 25. Kh2 Qd8 26. Qd1 f5 27. Kg1 Nf8
28. Na4 Nd7 29. Rxc8 Qxc8 30. b3 Qc6 31. Qc2 Qxc2 32. Bxc2 Bd8 33. Bd6 Kf7 34.
Bd1 e5 35. Nc5 Nxc5 36. dxc5 Ke6 37. Kf1 Be7 38. Bc7 a4 39. c6 a3 40. Be2 Bxb3
41. Ba5 Bd6 42. c7 Bxc7 43. Bxc7 Bxa2 44. Ba5 Bd5 45. Bxb4 a2 46. Bc3 g6 47. g3
Kd6 48. Ke1 Be6 49. h4 h6 50. Kd2 g5 51. Kc2 f4 52. Kb2 Bd5 53. Bd1 Ke6 54.
Bg4+ Kf6 55. Bb4 1-0

[Event "ENCI Limburg-open A"]
[Site "Maastricht"]
[Date "2007.05.28"]
[Round "7"]
[White "Fernandez, Daniel"]
[Black "Klein, Felix"]
[Result "0-1"]
[WhiteElo "1975"]
[BlackElo "2207"]
[PlyCount "62"]
[EventDate "2007.05.25"]
[EventType "swiss"]
[EventRounds "7"]
[EventCountry "NED"]
[Source "P.Boonen"]
[SourceDate "2010.01.01"]

1. e4 c5 2. Nf3 e6 3. d4 cxd4 4. Nxd4 a6 5. Nc3 Qc7 6. Be2 b5 7. O-O Bb7 8. Re1
Nc6 9. Bf3 Ne5 10. Bf4 d6 11. a3 Nf6 12. g4 Nxf3+ 13. Nxf3 Nxg4 14. Nd4 Ne5 15.
Qe2 Be7 16. Rad1 O-O 17. Bg3 Nc4 18. e5 Nxe5 19. Bxe5 dxe5 20. Qxe5 Qxe5 21.
Rxe5 Rfd8 22. Ree1 Kf8 23. a4 b4 24. Nce2 Rd5 25. Nf4 Rg5+ 26. Kf1 Rg4 27. Nde2
Rd8 28. Rxd8+ Bxd8 29. Rd1 Ke8 30. Nd4 e5 31. h3 Rxf4 0-1

[Event "ENCI Limburg-open A"]
[Site "Maastricht"]
[Date "2007.05.28"]
[Round "7"]
[White "Friese, Henning"]
[Black "Steffens, Olaf"]
[Result "0-1"]
[WhiteElo "2077"]
[BlackElo "2258"]
[PlyCount "38"]
[EventDate "2007.05.25"]
[EventType "swiss"]
[EventRounds "7"]
[EventCountry "NED"]
[Source "P.Boonen"]
[SourceDate "2010.01.01"]

1. c4 b6 2. e4 Bb7 3. Nc3 e6 4. Nge2 Nf6 5. e5 Ng4 6. d4 Qh4 7. Ng3 f5 8. Be2
Bxg2 9. Bf3 Bxh1 10. Bxh1 Qxh2 11. Qe2 Qg1+ 12. Kd2 Nc6 13. Nb5 O-O-O 14. Bf3
a6 15. Bxg4 axb5 16. Bf3 Nxd4 17. Qe3 Bc5 18. Kc3 b4+ 19. Kd3 Nc2 0-1

[Event "ENCI Limburg-open A"]
[Site "Maastricht"]
[Date "2007.05.28"]
[Round "7"]
[White "Gras, Guillaume"]
[Black "Van den Bersselaar, Henri"]
[Result "1-0"]
[WhiteElo "2072"]
[BlackElo "1896"]
[PlyCount "56"]
[EventDate "2007.05.25"]
[EventType "swiss"]
[EventRounds "7"]
[EventCountry "NED"]
[Source "P.Boonen"]
[SourceDate "2010.01.01"]

1. e4 d5 2. exd5 Qxd5 3. Nc3 Qd6 4. d4 Nf6 5. Nf3 a6 6. g3 Bg4 7. Bg2 e6 8. O-O
Nc6 9. Bf4 Qd8 10. d5 exd5 11. Re1+ Be7 12. h3 Bh5 13. g4 Bg6 14. Nh4 Be4 15.
Nxe4 dxe4 16. Nf5 O-O 17. g5 Qxd1 18. Raxd1 Nh5 19. Nxe7+ Nxe7 20. Bxc7 Rac8
21. Bd6 Rfe8 22. Rxe4 Ng6 23. Rb4 Ne5 24. Rxb7 Rcd8 25. Rd4 Nf4 26. Rxf4 Rxd6
27. Re4 f5 28. gxf6 Rxf6 1-0

[Event "ENCI Limburg-open A"]
[Site "Maastricht"]
[Date "2007.05.28"]
[Round "7"]
[White "Heinen, Igor"]
[Black "Vrendenborg, Carel"]
[Result "0-1"]
[WhiteElo "1921"]
[BlackElo "2023"]
[PlyCount "72"]
[EventDate "2007.05.25"]
[EventType "swiss"]
[EventRounds "7"]
[EventCountry "NED"]
[Source "P.Boonen"]
[SourceDate "2010.01.01"]

1. d4 Nf6 2. c4 c5 3. d5 b5 4. a4 bxc4 5. Nc3 g6 6. e4 d6 7. Bxc4 Bg7 8. Qc2
Na6 9. Nf3 O-O 10. O-O Rb8 11. Ra3 Nb4 12. Qb1 Ne8 13. Be3 f5 14. Ng5 f4 15.
Bd2 e5 16. Ne6 Qh4 17. Nxf8 f3 18. Nd1 Nf6 19. Ne6 Nxe4 20. Bg5 Nxg5 21. Nxg5
fxg2 22. Re1 Qxg5 23. Rg3 Qd2 24. Re2 Qd4 25. Ne3 Bf5 26. Qc1 Bd3 27. Rd2 Bh6
28. Bxd3 Nxd3 29. Qd1 c4 30. Nf5 Qf4 31. Qh5 Qxd2 32. Rxg6+ Kh8 33. Qh4 Qe1+
34. Kxg2 Nf4+ 35. Kf3 Rf8 36. Ne3 Nxg6+ 0-1

[Event "ENCI Limburg-open A"]
[Site "Maastricht"]
[Date "2007.05.28"]
[Round "7"]
[White "In 't Veld, Daan"]
[Black "Van Eijndhoven, Erik"]
[Result "1/2-1/2"]
[WhiteElo "2204"]
[BlackElo "2026"]
[PlyCount "53"]
[EventDate "2007.05.25"]
[EventType "swiss"]
[EventRounds "7"]
[EventCountry "NED"]
[Source "P.Boonen"]
[SourceDate "2010.01.01"]

1. e4 e6 2. d4 d5 3. Nc3 dxe4 4. Nxe4 Nf6 5. Bg5 Be7 6. Bxf6 gxf6 7. Nf3 b6 8.
Bb5+ c6 9. Bc4 Bb7 10. Qe2 Qc7 11. O-O-O Nd7 12. h4 Rg8 13. Rhg1 O-O-O 14. g4
Qf4+ 15. Qe3 Rxg4 16. Rxg4 Qxg4 17. Rg1 Qh5 18. Be2 c5 19. Ng3 Qd5 20. c4 cxd4
21. Qh6 Qa5 22. Qxh7 d3 23. Qxd3 Nc5 24. Qc3 Qxa2 25. Rd1 Nb3+ 26. Kc2 Na1+ 27.
Kc1 1/2-1/2

[Event "ENCI Limburg-open A"]
[Site "Maastricht"]
[Date "2007.05.28"]
[Round "7"]
[White "Konings, Frans"]
[Black "Van der Veen, Terry"]
[Result "1/2-1/2"]
[WhiteElo "2246"]
[BlackElo "2118"]
[PlyCount "94"]
[EventDate "2007.05.25"]
[EventType "swiss"]
[EventRounds "7"]
[EventCountry "NED"]
[Source "P.Boonen"]
[SourceDate "2010.01.01"]

1. d4 Nf6 2. c4 g6 3. Nc3 Bg7 4. e4 d6 5. Nf3 O-O 6. Be2 e5 7. d5 Nbd7 8. Bg5
h6 9. Bh4 a6 10. Nd2 c5 11. O-O g5 12. Bg3 Ne8 13. Bg4 Ndf6 14. Bxc8 Qxc8 15.
h4 g4 16. Re1 Nh5 17. Nf1 f5 18. exf5 Nef6 19. Ne3 Nxg3 20. fxg3 h5 21. Nf1
Qxf5 22. Nd2 Rab8 23. Nde4 Nxe4 24. Nxe4 b5 25. b3 Qg6 26. Rb1 Bh6 27. Kh2 Rf7
28. Qd3 b4 29. Nxc5 Qxd3 30. Nxd3 Rbf8 31. c5 dxc5 32. Nxe5 Rf2 33. Nc4 Rxa2
34. Rf1 a5 35. d6 a4 36. d7 Rd8 37. Rbd1 Bg7 38. Rfe1 Bf6 39. Rd6 Kg7 40. bxa4
Rxa4 41. Re8 Raa8 42. Ree6 Bd4 43. Re1 b3 44. Rd5 Ra1 45. Rg5+ Kf6 46. Rxa1
Bxa1 47. Rxc5 Rxd7 1/2-1/2

[Event "ENCI Limburg-open A"]
[Site "Maastricht"]
[Date "2007.05.28"]
[Round "7"]
[White "Larmuseau, Maarten"]
[Black "Koenig, Christian"]
[Result "1-0"]
[WhiteElo "2020"]
[BlackElo "2185"]
[PlyCount "110"]
[EventDate "2007.05.25"]
[EventType "swiss"]
[EventRounds "7"]
[EventCountry "NED"]
[Source "P.Boonen"]
[SourceDate "2010.01.01"]

1. e4 c5 2. Nc3 d6 3. f4 g6 4. Nf3 Bg7 5. Bc4 e6 6. O-O Ne7 7. Qe1 Nbc6 8. d3
h6 9. a3 a6 10. a4 Rb8 11. Bd2 Bd7 12. Nd1 b5 13. axb5 axb5 14. Bb3 b4 15. Rb1
O-O 16. Qh4 Nc8 17. Qh3 Nb6 18. Ne3 d5 19. e5 Qe7 20. Ng4 h5 21. Ne3 Rfc8 22.
c3 Na5 23. Bc2 Bb5 24. Ra1 Ra8 25. Be1 d4 26. Nd1 dxc3 27. bxc3 b3 28. Bb1 Nc6
29. Rxa8 Rxa8 30. Nd2 c4 31. d4 Ra1 32. Bh4 Qa3 33. f5 exf5 34. Bxf5 gxf5 35.
Qxf5 Nxe5 36. dxe5 Qc5+ 37. Bf2 Qc7 38. Bd4 Qd7 39. Qg5 Qg4 40. Qxg4 hxg4 41.
Bxb6 Bxe5 42. Bc5 b2 43. Nxb2 Rxf1+ 44. Nxf1 Bxc3 45. Nd1 Be5 46. Bb4 Bd4+ 47.
Nfe3 Bd7 48. g3 Be6 49. Kf1 Kh7 50. Ke2 Kg6 51. Bc3 Bxc3 52. Nxc3 f5 53. Ned5
Kg5 54. Kd2 Kh6 55. Nf4 Bd7 1-0

[Event "ENCI Limburg-open A"]
[Site "Maastricht"]
[Date "2007.05.28"]
[Round "7"]
[White "Larmuseau, Michiel"]
[Black "Seip, Rien"]
[Result "1-0"]
[WhiteElo "1850"]
[BlackElo "2093"]
[PlyCount "81"]
[EventDate "2007.05.25"]
[EventType "swiss"]
[EventRounds "7"]
[EventCountry "NED"]
[Source "P.Boonen"]
[SourceDate "2010.01.01"]

1. e4 e6 2. d3 d5 3. Nd2 Nf6 4. Qe2 Be7 5. g3 b6 6. Bg2 Bb7 7. e5 Nfd7 8. f4 c5
9. Nh3 Nc6 10. O-O Nd4 11. Qd1 h5 12. c3 Nf5 13. Nf3 g6 14. Nhg5 b5 15. b3 Kf8
16. d4 b4 17. cxb4 cxd4 18. a3 Qb6 19. Re1 h4 20. g4 d3+ 21. Kh1 Bxg5 22. gxf5
h3 23. Bf1 Be7 24. f6 Bxf6 25. exf6 Nxf6 26. Qxd3 Qf2 27. Qe3 Qxe3 28. Rxe3 Ng4
29. Kg1 Nxe3 30. Bxe3 Kg7 31. Bd4+ f6 32. Re1 Kf7 33. Bc5 Rad8 34. Nd4 Rh4 35.
Rxe6 Rd7 36. Re3 Rg4+ 37. Rg3 Rxf4 38. Bxh3 Rc7 39. Ne6 Rxc5 40. bxc5 Re4 41.
Nd8+ 1-0

[Event "ENCI Limburg-open A"]
[Site "Maastricht"]
[Date "2007.05.28"]
[Round "7"]
[White "Luch, Michael"]
[Black "Wemmers, Xander"]
[Result "1-0"]
[WhiteElo "2336"]
[BlackElo "2415"]
[PlyCount "67"]
[EventDate "2007.05.25"]
[EventType "swiss"]
[EventRounds "7"]
[EventCountry "NED"]
[Source "P.Boonen"]
[SourceDate "2010.01.01"]

1. e4 e5 2. Nf3 Nc6 3. d4 exd4 4. Nxd4 Bc5 5. Be3 Qf6 6. c3 Nge7 7. g3 d5 8.
Bg2 Bxd4 9. cxd4 dxe4 10. Nc3 O-O 11. Nxe4 Qg6 12. O-O Be6 13. Nc3 Rfd8 14. Qa4
a6 15. Rac1 Nd5 16. Qd1 Rab8 17. Ne4 Nce7 18. Qd2 h6 19. a3 b6 20. Qe2 Bc8 21.
Nd2 Bb7 22. Nc4 Nf5 23. Qc2 Re8 24. Ne5 Qh5 25. Qb3 Ndxe3 26. fxe3 Bxg2 27.
Kxg2 Re6 28. g4 Nh4+ 29. Kg3 Qg5 30. Rxf7 Kh8 31. Qxe6 Qxe3+ 32. Kxh4 Qxc1 33.
Qg6 Rg8 34. Re7 1-0

[Event "ENCI Limburg-open A"]
[Site "Maastricht"]
[Date "2007.05.28"]
[Round "7"]
[White "Miedema, Roi"]
[Black "L'Ami, Erwin"]
[Result "0-1"]
[WhiteElo "2248"]
[BlackElo "2617"]
[PlyCount "80"]
[EventDate "2007.05.25"]
[EventType "swiss"]
[EventRounds "7"]
[EventCountry "NED"]
[Source "P.Boonen"]
[SourceDate "2010.01.01"]

1. d4 d5 2. c4 c6 3. Nc3 Nf6 4. e3 a6 5. Nf3 Bf5 6. Qb3 Ra7 7. cxd5 cxd5 8. Bd2
e6 9. Ne5 Nbd7 10. Nxd7 Nxd7 11. a4 Bd6 12. Be2 O-O 13. O-O Nb8 14. Na2 Nc6 15.
Bd3 Bxd3 16. Qxd3 Ra8 17. b4 Qh4 18. f4 Ne7 19. b5 a5 20. Bc1 Nf5 21. Ba3 Rfc8
22. Rac1 Qe7 23. Bxd6 Nxd6 24. Nc3 Rc4 25. f5 Rac8 26. fxe6 Qxe6 27. Ne2 Rxc1
28. Rxc1 Rxc1+ 29. Nxc1 Nc4 30. Kf2 Qf6+ 31. Kg1 Qg5 32. Nb3 b6 33. e4 Qh4 34.
g3 Qxe4 35. Qxe4 dxe4 36. g4 f6 37. Kf2 Kf7 38. Ke2 Ke6 39. Nd2 Nxd2 40. Kxd2
g6 0-1

[Event "ENCI Limburg-open A"]
[Site "Maastricht"]
[Date "2007.05.28"]
[Round "7"]
[White "Moors, Hans"]
[Black "Vanwersch, Sander"]
[Result "1-0"]
[WhiteElo "2280"]
[BlackElo "2126"]
[PlyCount "61"]
[EventDate "2007.05.25"]
[EventType "swiss"]
[EventRounds "7"]
[EventCountry "NED"]
[Source "P.Boonen"]
[SourceDate "2010.01.01"]

1. e4 c5 2. Nc3 Nc6 3. g3 d6 4. Bg2 g6 5. d3 Bg7 6. f4 e6 7. Nf3 Nge7 8. O-O
O-O 9. Bd2 Rb8 10. Rb1 b5 11. a3 a5 12. a4 b4 13. Nb5 Ba6 14. c4 bxc3 15. bxc3
Qd7 16. Be3 Rfc8 17. Bf2 Nd8 18. c4 Ndc6 19. Re1 Nb4 20. d4 cxd4 21. e5 dxe5
22. Nxe5 Bxe5 23. fxe5 Rxc4 24. Nd6 Rc3 25. Qxd4 Ra3 26. Qf4 Rf8 27. Ne4 Ned5
28. Nf6+ Nxf6 29. exf6 Kh8 30. Rxb4 g5 31. Rb8 1-0

[Event "ENCI Limburg-open A"]
[Site "Maastricht"]
[Date "2007.05.28"]
[Round "7"]
[White "Morren, Eric Jan"]
[Black "Ekat, Michael"]
[Result "1/2-1/2"]
[WhiteElo "1801"]
[BlackElo "2008"]
[PlyCount "71"]
[EventDate "2007.05.25"]
[EventType "swiss"]
[EventRounds "7"]
[EventCountry "NED"]
[Source "P.Boonen"]
[SourceDate "2010.01.01"]

1. c4 e5 2. g3 Nc6 3. Bg2 g6 4. Nc3 Bg7 5. d3 Nge7 6. e4 O-O 7. Nge2 d6 8. O-O
Kh8 9. f4 exf4 10. Bxf4 Bg4 11. Qd2 Qd7 12. Bh6 f5 13. Bxg7+ Kxg7 14. Nf4 fxe4
15. Nxe4 Nd4 16. b4 b6 17. b5 d5 18. h3 dxe4 19. hxg4 Nf3+ 20. Bxf3 exf3 21.
Rxf3 Qd4+ 22. Qe3 Qxa1+ 23. Rf1 Qc3 24. Qxe7+ Kg8 25. Qe6+ Kh8 26. Qe7 Rfe8 27.
Qf7 Re1 28. Rxe1 Qxe1+ 29. Kg2 Re8 30. Qxc7 g5 31. Qf7 Qe5 32. Nd5 Qe2+ 33. Kh3
Qe6 34. Qf2 h5 35. Qd4+ Qe5 36. Qxe5+ 1/2-1/2

[Event "ENCI Limburg-open A"]
[Site "Maastricht"]
[Date "2007.05.28"]
[Round "7"]
[White "Nabuurs, Joep"]
[Black "Hahn, Gerard"]
[Result "1-0"]
[WhiteElo "2157"]
[BlackElo "2005"]
[PlyCount "75"]
[EventDate "2007.05.25"]
[EventType "swiss"]
[EventRounds "7"]
[EventCountry "NED"]
[Source "P.Boonen"]
[SourceDate "2010.01.01"]

1. e4 e5 2. f4 d5 3. exd5 e4 4. d3 Nf6 5. dxe4 Nxe4 6. Nf3 Bc5 7. Bd3 Nf2 8.
Qe2+ Qe7 9. Rf1 Nxd3+ 10. cxd3 Bf5 11. d4 Bd3 12. Qxe7+ Bxe7 13. Rf2 O-O 14.
Nc3 Bb4 15. Rd2 Re8+ 16. Kf2 Bc4 17. Ne5 Bxc3 18. bxc3 Bxd5 19. c4 Be6 20. d5
Bc8 21. Rb1 Na6 22. Ba3 f6 23. Nf3 Re4 24. Rd4 Re8 25. h3 b6 26. Re1 Bf5 27. g4
Rxe1 28. Nxe1 Bb1 29. Rd2 f5 30. Nf3 Re8 31. Ne5 g5 32. Kg3 fxg4 33. Nxg4 gxf4+
34. Kxf4 Re4+ 35. Kg5 Rxc4 36. Nh6+ Kg7 37. Rf2 Bg6 38. Bb2+ 1-0

[Event "ENCI Limburg-open A"]
[Site "Maastricht"]
[Date "2007.05.28"]
[Round "7"]
[White "Nelissen, Andy"]
[Black "Peric, Mijo"]
[Result "1-0"]
[WhiteElo "1937"]
[BlackElo "2006"]
[PlyCount "69"]
[EventDate "2007.05.25"]
[EventType "swiss"]
[EventRounds "7"]
[EventCountry "NED"]
[Source "P.Boonen"]
[SourceDate "2010.01.01"]

1. d4 d5 2. Nf3 Nf6 3. e3 e6 4. Bd3 c6 5. Nbd2 Nbd7 6. Ne5 Qc7 7. f4 Be7 8. O-O
c5 9. c3 h5 10. Rf3 c4 11. Bc2 b5 12. Rg3 g6 13. e4 h4 14. Rh3 Bb7 15. Nxd7
Kxd7 16. e5 Ne4 17. Nxe4 dxe4 18. Qe2 Qc6 19. Re3 g5 20. Bxe4 Qc7 21. fxg5 Bxg5
22. Rf3 Be7 23. Rxf7 Rhf8 24. Rxf8 Rxf8 25. Bh6 Rg8 26. Rf1 b4 27. Rf7 bxc3 28.
bxc3 h3 29. Rg7 Rxg7 30. Bxg7 Qb6 31. gxh3 Bh4 32. Bf6 Bxf6 33. exf6 e5 34.
Bxb7 Qxb7 35. dxe5 1-0

[Event "ENCI Limburg-open A"]
[Site "Maastricht"]
[Date "2007.05.28"]
[Round "7"]
[White "Nijboer, Friso"]
[Black "Vandevoort, Pascal"]
[Result "1/2-1/2"]
[WhiteElo "2606"]
[BlackElo "2385"]
[PlyCount "117"]
[EventDate "2007.05.25"]
[EventType "swiss"]
[EventRounds "7"]
[EventCountry "NED"]
[Source "P.Boonen"]
[SourceDate "2010.01.01"]

1. e4 e5 2. Nf3 Nc6 3. Bb5 a6 4. Ba4 d6 5. c3 f5 6. exf5 Bxf5 7. O-O Bd3 8. Re1
Be7 9. Bc2 Bxc2 10. Qxc2 g5 11. d4 g4 12. Nfd2 Nf6 13. Ne4 Qd7 14. Nxf6+ Bxf6
15. Nd2 O-O 16. d5 Ne7 17. Ne4 Nxd5 18. Qd1 Ne7 19. Nxf6+ Rxf6 20. Rxe5 Rg6 21.
Qb3+ Kg7 22. Re2 b6 23. Be3 Nf5 24. Bd4+ Kh6 25. Qd5 Rf8 26. Rae1 Qf7 27. Qe4
c5 28. Be3+ Kg7 29. c4 Kg8 30. Qd3 h5 31. b3 h4 32. Qd5 Qxd5 33. cxd5 h3 34. g3
Rg7 35. Kf1 Rgf7 36. Bf4 Nd4 37. Bxd6 Nxe2 38. Bxf8 Nxg3+ 39. hxg3 Kxf8 40. Re4
h2 41. Kg2 Rxf2+ 42. Kh1 Rxa2 43. Rf4+ Ke7 44. Rxg4 b5 45. Rg6 a5 46. g4 b4 47.
Re6+ Kf7 48. Re1 a4 49. bxa4 b3 50. d6 Rd2 51. Re7+ Kf6 52. Rb7 c4 53. g5+ Kxg5
54. d7 c3 55. Rxb3 Rxd7 56. Rxc3 Ra7 57. Rc4 Kf5 58. Kxh2 Ke5 59. Kg3 1/2-1/2

[Event "ENCI Limburg-open A"]
[Site "Maastricht"]
[Date "2007.05.28"]
[Round "7"]
[White "Oosterman, Maarten Jan"]
[Black "Telke, Holger"]
[Result "1-0"]
[WhiteElo "1959"]
[BlackElo "2163"]
[PlyCount "93"]
[EventDate "2007.05.25"]
[EventType "swiss"]
[EventRounds "7"]
[EventCountry "NED"]
[Source "P.Boonen"]
[SourceDate "2010.01.01"]

1. e4 e6 2. d4 d5 3. Nd2 dxe4 4. Nxe4 Nd7 5. Nf3 Ngf6 6. Nxf6+ Nxf6 7. Bd3 c5
8. dxc5 Bxc5 9. Qe2 Qc7 10. Bd2 O-O 11. O-O-O b6 12. Ne5 Bd4 13. f4 Bb7 14. Kb1
Rfd8 15. Rhe1 Nd7 16. Nxf7 Kxf7 17. Qxe6+ Kf8 18. Bxh7 Nf6 19. Bg6 Bd5 20. Qh3
Kg8 21. g4 Bf7 22. Bf5 Rd5 23. g5 Rb5 24. b3 g6 25. Bd3 Ra5 26. gxf6 Rh5 27.
Qf3 Rc8 28. f5 g5 29. Re7 Qxh2 30. Rxf7 Kxf7 31. Qd5+ Kxf6 32. Qxd4+ Qe5 33.
Qxe5+ Kxe5 34. Re1+ Kf6 35. Re6+ Kf7 36. Rg6 Rh2 37. Bxg5 b5 38. Rd6 Rc7 39.
Bf4 Rh1+ 40. Kb2 b4 41. Rf6+ Kxf6 42. Bxc7 Ke7 43. Bb8 Kf6 44. Bxa7 Rh7 45.
Bd4+ Kf7 46. Bc5 Rh4 47. a3 1-0

[Event "ENCI Limburg-open A"]
[Site "Maastricht"]
[Date "2007.05.28"]
[Round "7"]
[White "Pedersen, Lars Erik"]
[Black "Schaeken, Yordi"]
[Result "1-0"]
[WhiteElo "2053"]
[BlackElo "1876"]
[PlyCount "67"]
[EventDate "2007.05.25"]
[EventType "swiss"]
[EventRounds "7"]
[EventCountry "NED"]
[Source "P.Boonen"]
[SourceDate "2010.01.01"]

1. e4 c5 2. Nc3 Nc6 3. g3 g6 4. Bg2 Bg7 5. d3 d6 6. Be3 Rb8 7. Qd2 b5 8. Nge2
Nd4 9. O-O e6 10. Nd1 Ne7 11. Nc1 O-O 12. c3 Ndc6 13. Bh6 b4 14. Bxg7 Kxg7 15.
Ne3 Qa5 16. Ng4 Ng8 17. Nb3 Qc7 18. Rac1 a5 19. cxb4 axb4 20. e5 Nxe5 21. Nxe5
dxe5 22. Rxc5 Qa7 23. Ra5 Qd7 24. Qe3 Rb5 25. Nc5 Rxa5 26. Nxd7 Bxd7 27. Ra1
Ne7 28. Qb6 Rb5 29. Qd6 Kf6 30. Qxd7 Rc5 31. d4 Ra5 32. dxe5+ Rxe5 33. f4 Rf5
34. Qd4+ 1-0

[Event "ENCI Limburg-open A"]
[Site "Maastricht"]
[Date "2007.05.28"]
[Round "7"]
[White "Perrenet, Jacob"]
[Black "Miesen, Fabian"]
[Result "1-0"]
[WhiteElo "2024"]
[BlackElo "2166"]
[PlyCount "63"]
[EventDate "2007.05.25"]
[EventType "swiss"]
[EventRounds "7"]
[EventCountry "NED"]
[Source "P.Boonen"]
[SourceDate "2010.01.01"]

1. Nc3 d5 2. e4 d4 3. Nce2 e5 4. Nf3 Bd6 5. Ng3 Be6 6. d3 h6 7. Be2 c5 8. O-O
Nc6 9. c4 g6 10. Bd2 f5 11. exf5 gxf5 12. a3 Nf6 13. Nh4 Qd7 14. Bh5+ Kd8 15.
b4 f4 16. bxc5 Bc7 17. Ne4 Nxe4 18. dxe4 Rg8 19. Bg6 Ne7 20. Bf5 Nxf5 21. exf5
Bxc4 22. Re1 Rg5 23. g3 Bd5 24. Bxf4 exf4 25. Qxd4 Bb3 26. Qc3 Qf7 27. Rab1 Ba4
28. Re6 Bc6 29. Rd1+ Kc8 30. Ng6 Qh7 31. Qf6 Bd7 32. Ne7+ 1-0

[Event "ENCI Limburg-open A"]
[Site "Maastricht"]
[Date "2007.05.28"]
[Round "7"]
[White "Polak, Indra"]
[Black "Laarhoven, Thijs"]
[Result "0-1"]
[WhiteElo "2226"]
[BlackElo "2107"]
[PlyCount "68"]
[EventDate "2007.05.25"]
[EventType "swiss"]
[EventRounds "7"]
[EventCountry "NED"]
[Source "P.Boonen"]
[SourceDate "2010.01.01"]

1. e4 d5 2. exd5 Qxd5 3. Nc3 Qa5 4. d4 Nf6 5. Nf3 c6 6. Bc4 Bf5 7. O-O Nbd7 8.
Re1 e6 9. Bb3 O-O-O 10. Qe2 Qc7 11. Ne5 Nxe5 12. dxe5 Nd5 13. Bd2 Nxc3 14. Bxc3
Bc5 15. a4 a5 16. Bc4 Bd4 17. Rab1 Rd7 18. Bxd4 Rxd4 19. b4 Rhd8 20. bxa5 Qxa5
21. Bd3 Rxd3 22. cxd3 Bxd3 23. Qb2 Bxb1 24. Rxb1 Rd7 25. Qa1 g6 26. g3 h5 27.
h4 Kd8 28. Kg2 Ke8 29. Re1 Rd2 30. Qb1 Qd5+ 31. Kg1 Qd4 32. Rf1 Rb2 33. Qa1 c5
34. a5 Rxf2 0-1

[Event "ENCI Limburg-open A"]
[Site "Maastricht"]
[Date "2007.05.28"]
[Round "7"]
[White "Renette, Hans"]
[Black "Korneev, Oleg"]
[Result "0-1"]
[WhiteElo "2241"]
[BlackElo "2565"]
[PlyCount "54"]
[EventDate "2007.05.25"]
[EventType "swiss"]
[EventRounds "7"]
[EventCountry "NED"]
[Source "P.Boonen"]
[SourceDate "2010.01.01"]

1. d4 d5 2. Nf3 Nf6 3. c4 e6 4. g3 dxc4 5. Bg2 c6 6. O-O b5 7. a4 Bb7 8. b3
cxb3 9. Qxb3 b4 10. Rd1 a5 11. Nbd2 Nbd7 12. Nc4 Be7 13. Nfe5 Ra6 14. e4 O-O
15. Bf4 Qa8 16. Rac1 Rd8 17. Nxf7 Kxf7 18. Bh3 c5 19. Nd6+ Rxd6 20. Bxd6 Nf8
21. Bxe7 Kxe7 22. e5 Ne4 23. dxc5 Nd2 24. Rxd2 Rxd2 25. c6 Qa7 26. Qf3 Bc8 27.
Rc4 Ng6 0-1

[Event "ENCI Limburg-open A"]
[Site "Maastricht"]
[Date "2007.05.28"]
[Round "7"]
[White "Ringoir, Tanguy"]
[Black "Scholzen, Wolfgang"]
[Result "1-0"]
[WhiteElo "2199"]
[BlackElo "2001"]
[PlyCount "111"]
[EventDate "2007.05.25"]
[EventType "swiss"]
[EventRounds "7"]
[EventCountry "NED"]
[Source "P.Boonen"]
[SourceDate "2010.01.01"]

1. e4 e5 2. Nf3 Nc6 3. Bb5 a6 4. Ba4 Nf6 5. O-O b5 6. Bb3 Be7 7. Re1 d6 8. c3
O-O 9. h3 Na5 10. Bc2 c5 11. d4 Qc7 12. Nbd2 Bb7 13. Nf1 cxd4 14. cxd4 Rac8 15.
Bb1 d5 16. exd5 exd4 17. Nxd4 Bxd5 18. Bg5 Rcd8 19. Nf5 Be6 20. Nxe7+ Qxe7 21.
Qc2 Rfe8 22. Bxf6 Qxf6 23. Qxh7+ Kf8 24. Ng3 g6 25. Qh6+ Qg7 26. Qf4 Nc4 27.
Bc2 Nxb2 28. Bxg6 Rd4 29. Qf3 Qxg6 30. Qa3+ Kg8 31. Qxb2 Red8 32. a3 Rd2 33.
Qb4 R8d4 34. Qc3 R2d3 35. Qc7 Rd7 36. Qb8+ Rd8 37. Qe5 R8d4 38. Re3 Ra4 39.
Rxd3 Qxd3 40. Nh5 Qd4 41. Qg3+ Kf8 42. Re1 Rc4 43. Qb8+ Rc8 44. Qg3 Rc3 45. Qg5
Rxa3 46. Qh6+ Ke7 47. Ng7 Qf6 48. Qd2 Ra4 49. Nh5 Qd4 50. Qg5+ Kf8 51. Nf6 Ra1
52. Qg8+ Ke7 53. Qe8+ Kxf6 54. Qh8+ Ke7 55. Qxd4 Rxe1+ 56. Kh2 1-0

[Event "ENCI Limburg-open A"]
[Site "Maastricht"]
[Date "2007.05.28"]
[Round "7"]
[White "Roggeveen, Pieter"]
[Black "Hamblok, Roel"]
[Result "0-1"]
[WhiteElo "2073"]
[BlackElo "1943"]
[PlyCount "96"]
[EventDate "2007.05.25"]
[EventType "swiss"]
[EventRounds "7"]
[EventCountry "NED"]
[Source "P.Boonen"]
[SourceDate "2010.01.01"]

1. c4 Nc6 2. Nc3 e5 3. Nf3 f5 4. d4 e4 5. d5 exf3 6. dxc6 fxe2 7. cxd7+ Bxd7 8.
Bxe2 Bc6 9. O-O Nf6 10. Bf3 Ne4 11. Qc2 Qd4 12. Nxe4 fxe4 13. Be3 Qe5 14. Rfe1
Bd6 15. g3 O-O 16. Bg2 b6 17. c5 bxc5 18. Rac1 Rab8 19. b3 Rf5 20. Bh3 Rf7 21.
Qc3 Qe7 22. Bxc5 Ba8 23. Re2 Rbf8 24. Be3 Kh8 25. Qc4 Qe5 26. Bg2 h5 27. h4 Rf3
28. Bxf3 exf3 29. Rd2 Qf5 30. Kh2 Re8 31. Bf4 Re4 32. Qf1 Bxf4 33. Rd8+ Kh7 34.
Rxa8 Bxg3+ 35. fxg3 Re2+ 36. Qxe2 fxe2 37. Re8 Qf2+ 38. Kh3 Qf1+ 39. Kh2 Qxc1
40. Rxe2 Qf1 41. Rg2 Kg6 42. Rc2 c5 43. Rd2 Kf6 44. Rc2 Ke6 45. Rd2 Ke5 46. Rc2
Kd4 47. Rd2+ Kc3 48. Rg2 Qxg2+ 0-1

[Event "ENCI Limburg-open A"]
[Site "Maastricht"]
[Date "2007.05.28"]
[Round "7"]
[White "Saligo, Pieter"]
[Black "Taverniers, Peter"]
[Result "1-0"]
[WhiteElo "1807"]
[BlackElo "1812"]
[PlyCount "41"]
[EventDate "2007.05.25"]
[EventType "swiss"]
[EventRounds "7"]
[EventCountry "NED"]
[Source "P.Boonen"]
[SourceDate "2010.01.01"]

1. d4 Nf6 2. Bf4 c5 3. e3 cxd4 4. exd4 d5 5. c3 e6 6. Nf3 Nc6 7. Bd3 Bd6 8. Bg3
O-O 9. Nbd2 Qc7 10. Bxd6 Qxd6 11. O-O Bd7 12. Re1 Rae8 13. Ne5 Bc8 14. Ndf3 Nd7
15. Bxh7+ Kxh7 16. Ng5+ Kg8 17. Nxd7 e5 18. Nxf8 Kxf8 19. Qh5 Qg6 20. Qxg6 fxg6
21. dxe5 1-0

[Event "ENCI Limburg-open A"]
[Site "Maastricht"]
[Date "2007.05.28"]
[Round "7"]
[White "Schebler, Gerhard"]
[Black "Peek, Maurice"]
[Result "1-0"]
[WhiteElo "2530"]
[BlackElo "2365"]
[PlyCount "63"]
[EventDate "2007.05.25"]
[EventType "swiss"]
[EventRounds "7"]
[EventCountry "NED"]
[Source "P.Boonen"]
[SourceDate "2010.01.01"]

1. c4 Nf6 2. Nc3 e6 3. e4 d5 4. e5 d4 5. exf6 dxc3 6. bxc3 Qxf6 7. d4 e5 8. Nf3
exd4 9. Bg5 Qd6 10. Be2 Be7 11. cxd4 Bxg5 12. Nxg5 Qe7 13. Qd2 h6 14. Nf3 O-O
15. O-O Bg4 16. Rab1 b6 17. h3 Bh5 18. Rb5 Bxf3 19. Bxf3 c6 20. Rf5 Qe6 21. Re5
Qd6 22. c5 Qf6 23. Rfe1 Nd7 24. Re7 Rfd8 25. Qc2 bxc5 26. d5 Nf8 27. dxc6 Ng6
28. R7e3 Rac8 29. Qxc5 Rc7 30. Re8+ Rxe8 31. Rxe8+ Kh7 32. Be4 1-0